Logisztikai folyamatok az informatika segítségével

Bibliográfiai részletek
Szerző: Megyesi Csaba Máté
További közreműködők: Budai Dr. László
Dokumentumtípus: Záródolgozat
Kulcsszavak:Logisztika
Elllátáslánc menedzsment
Kommunikáció
Online Access:http://dolgozattar.uni-bge.hu/22560

MARC

LEADER 00000nta a2200000 i 4500
001 dolg22560
005 20200505114945.0
008 190517suuuu hu o 000 hun d
040 |a BGE Dolgozattár Repozitórium  |b hun 
041 |a hu 
100 1 |a Megyesi Csaba Máté 
245 1 0 |a Logisztikai folyamatok az informatika segítségével  |c Megyesi Csaba Máté  |h [elektronikus dokumentum] 
246 1 1 |a Logisztikai folyamatok az informatika segítségével 
516 |a Final_paper 
695 |a Logisztika 
695 |a Elllátáslánc menedzsment 
695 |a Kommunikáció 
700 1 |a Budai Dr. László  |e ths 
856 4 0 |u http://dolgozattar.uni-bge.hu/22560/1/z%C3%A1r%C3%B3dolgozat.pdf  |z Dokumentum-elérés